Normal view
MARC view
- Coleman Barks
Entry Personal Name
001 - CONTROL NUMBER
- control field: 27981
003 - CONTROL NUMBER IDENTIFIER
- control field: NUST
005 - DATE AND TIME OF LATEST TRANSACTION
- control field: 20200124152340.0
008 - FIXED-LENGTH DATA ELEMENTS
- fixed length control field: 200124|| aca||aabn | a|a d
040 ## - CATALOGING SOURCE
- Original cataloging agency: NUST
- Transcribing agency: NUST
100 ## - HEADING--PERSONAL NAME
- Personal name: Coleman Barks
670 ## - SOURCE DATA FOUND
- Source citation: Work cat.: (NUST): Coleman Barks, Rumi: The Big Red Book: The Great Masterpiece Celebrating Mystical Love and Friendship, c2010
